000 00765nam a2200265 4500
001 2041
010 _a9789895836772
021 _aPT
_b548598/25
090 _a2041
100 _a20260210d2025 c||y0pory50030103ba
101 _apor
102 _aPT
200 _aO primeiro dia de escola
_fCaroline Roque
_gil. Grégoire Mabire
_gtrad. Leonor Branco
205 _a1ª edição
210 _aLisboa
_cNuvem de Letras
_d2025
215 _a[24] p.
_cil.
_d29 cm
300 _aBMB-Registado
304 _aTít. orig.: L'école des loups
606 _9863
_aLiteratura Infantil
675 _a087.5
_vBMB
_zpor
700 _aRoque
_bCaroline
_f1975-
_92925
701 _aMabire
_bGregoire
_4440
_91063
702 _aBranco
_bAna Leonor
_4730
_92926
801 _aPT
_bBMB
_gRPC
990 _cLIVROS